000
00272nam a2200133Ia 4500
100
_a
Philippakis// Kazmier
942
_c
BK
654
_a
cobol
245
_a
Advanced Cobol
260
_b
McGraw Hill
_a
New York
_c
1987
300
_a
714
546
_a
ENGLISH
999
_c
25245
_d
25245